| 000 | 00821cam a22002418i 4500 | ||
|---|---|---|---|
| 999 |
_c7497 _d7497 |
||
| 003 | OSt | ||
| 005 | 20200311130353.0 | ||
| 008 | 150428s2015 vtu b 001 0 eng | ||
| 020 | _a9781472426079 (hardback : alk. paper) | ||
| 040 |
_aDLC _beng _cDLC _erda |
||
| 082 | 0 | 0 |
_a728 _223 _bSTE |
| 245 | 0 | 0 |
_aWays of residing in transformation : _binterdisciplinary perspectives / _c[edited] By Sten Gromark, Mervi Ilmonen, Katrin Paadam and Eli Støa. |
| 300 | _apages cm | ||
| 504 | _aIncludes bibliographical references and index. | ||
| 650 | 0 |
_aArchitecture, Domestic _xSocial aspects. |
|
| 650 | 0 | _aSpace (Architecture) | |
| 650 | 0 | _aSociology, Urban. | |
| 700 | 1 |
_aGromark, Sten, _eeditor. |
|
| 700 | 1 |
_aIlmonen, Mervi, _eeditor. |
|
| 700 | 1 |
_aPaadam, Katrin, _eeditor. |
|
| 700 | 1 |
_aStøa, Eli, _eeditor. |
|
| 942 | _2ddc | ||